000 00744nam a22002537a 4500
003 DO-SdBNP
005 20230224113128.0
008 171024b 2008 sp| 00| 0 spa d
020 _a9789707803732
040 _aBPMSU
_bspa
_cBPMSU
082 4 _aB869.3
_bC672m 2008
_222
100 1 _aCoelho, Paulo
_d1947-
245 1 0 _aManual del guerrero de la luz /
_cPaulo Coelho ; traducción Montserrat Mira
260 _aMéxico :
_bSant Jordi ;
_c2008.
300 _a150 p. ;
_c19 cm.
500 _a
586 _aBest Seller
590 _6Inventariado, 2023/VM
650 4 _aNovela brasileña
_2
650 4 _aAutoestima
_vNovela
700 1 _aMira, Montserrat,
_etr.
910 _aBTAVAREZ/VMateo V. Control de calidad (BPMSU)
942 _cBK
_2ddc
999 _c12686
_d12686